000
00301nam a22001217a 4500
020
_a
013147572x
082
_2
22
_a
005.432
100
_a
Quigley, Ellie.
245
_a
UNIX shells by example /
260
_a
USA,
_b
Prentice Hall,
_c
c2005.
300
_a
xxxv, 1150p. ;
_b
ill. ;
_c
23 cm.
_e
CD
942
_2
ddc
_c
IT
999
_c
2419
_d
2419